LEADER 04930 am 2200961 n 450 001 9910137459803321 005 20120710 010 $a2-905637-78-1 035 $a(CKB)3170000000060956 035 $a(FrMaCLE)OB-irhis-292 035 $a(oapen)https://directory.doabooks.org/handle/20.500.12854/41887 035 $a(PPN)241290058 035 $a(EXLCZ)993170000000060956 100 $a20120710j|||||||| ||| 0 101 0 $afre 135 $auu||||||m|||| 181 $ctxt$2rdacontent 182 $cc$2rdamedia 183 $acr$2rdacarrier 200 10$aBède le Vénérable $eEntre tradition et postérité /$fStéphane Lebecq, Michel Perrin, Olivier Szerwiniak 210 $aVilleneuve d'Ascq $cPublications de l?Institut de recherches historiques du Septentrion$d2012 215 $a1 online resource (338 p.) 311 $a2-905637-39-0 330 $aEn juillet 2002, les meilleurs spécialistes mondiaux de Bède le Vénérable (c. 670-735) se sont retrouvés à Lille et à Amiens pour dresser un bilan des études relatives à l'oeuvre et à la postérité du grand écolâtre anglo-saxon, et pour ouvrir sur elles de nouvelles perspectives de recherches. Venus de Grande-Bretagne, d'Irlande, du Canada, des États-Unis, du Japon, d'Italie, d'Allemagne, de Belgique et de France, ils ont passé trois jours à exposer leurs travaux, à écouter, à échanger, dans une athmosphère à la fois studieuse et confraternelle. Les organisateurs du colloque sont heureux de publier aujourd'hui les principaux résultats de ces fructueuses journées. Presque toutes les communications qui y ont été faites sont ici réunies, augmentées de quelques contributions originales que leurs auteurs n'avaient pu présenter en juillet 2002. Les unes et les autres ont été regroupées sous cinq titres dans lesquels on retrouvera, à quelques nuances près, le découpage initial du projet : 1. Bède et ses sources ; 2. Bède, l'exégète ; 3. Un historien en son milieu ; 4. La postérité de Bède ; 5. Les traductions de Bède. De cette harmonieuse polyphonie se dégage l'image d'un érudit qui, bien loin de se limiter à celle de l'ascète coupé du monde, rigoureux, voire rigoriste, qui a longtemps été mise en avant, montre un homme engagé, souvent indulgent à l'égard de mouvements ou de tendances ecclésiales peu orthodoxes, et toujours soucieux de réformer l'Église et la société de l'Angleterre de son temps. Pour y parvenir, il est allé puiser ses arguments dans des traditions testamentaires, patristiques et historiographiques dans lesquelles il a opéré un choix souvent original, et qui expliquent aussi bien le caractère unique que la portée universelle de son oeuvre. 517 $aHistoire et littérature de l'Europe du Nord-Ouest 606 $aHistory 606 $aMedieval & Renaissance Studies 606 $aMoyen Âge 606 $aéglise 606 $aBède 606 $aAngleterre 606 $aécclésiaste 606 $aécclésiastique 610 $aMoyen Âge 610 $aAngleterre 610 $aBède 610 $aéglise 610 $aécclésiastique 610 $aécclésiaste 615 4$aHistory 615 4$aMedieval & Renaissance Studies 615 4$aMoyen Âge 615 4$aéglise 615 4$aBède 615 4$aAngleterre 615 4$aécclésiaste 615 4$aécclésiastique 700 $aArbo$b Agnès$01286324 701 $aArbo$b Alessandro$0615943 701 $aBeall$b Barbara Apelian$01286325 701 $aBrown$b George Hardin$01286326 701 $aChatháin$b Próinséas Ní$01286327 701 $aContreni$b John J$0478019 701 $aCrépin$b André$0394999 701 $aDeGregorio$b Scott$01006618 701 $aDolbeau$b François$0400408 701 $aElfassi$b Jacques$01286328 701 $aGautier$b Alban$0916683 701 $aGoffart$b Walter$0206929 701 $aHolder$b Arthur G$01149986 701 $aHoltz$b Louis$0204856 701 $aLambert$b Pierre-Yves$01281982 701 $aLebecq$b Stéphane$01286329 701 $aMoore$b Michael e. Hoenicke$01286330 701 $aOhashi$b Masako$01286331 701 $aO?Reilly$b Jennifer$01286332 701 $aPerrin$b Michel$0381918 701 $aPicard$b Jean-Michel$01286333 701 $aRowley$b Sharon M$01286334 701 $aSchmidt$b Paul Gerhard$0171279 701 $aScully$b Diarmuid$01286335 701 $aSzerwiniack$b Olivier$01286336 701 $aTugène$b Georges$0477998 701 $aVercruysse$b Jean-Marc$0293086 701 $aVeyrard-Cosme$b Christiane$0294268 701 $aLebecq$b Stéphane$01286329 701 $aPerrin$b Michel$0381918 701 $aSzerwiniak$b Olivier$01286337 801 0$bFR-FrMaCLE 906 $aBOOK 912 $a9910137459803321 996 $aBède le Vénérable$93019869 997 $aUNINA LEADER 04319nam 2200721 450 001 9910736800003321 005 20230627234923.0 010 $a3-95487-818-6 024 7 $a10.31819/9783954878185 035 $a(CKB)3710000001056566 035 $a(MiAaPQ)EBC5635152 035 $a(DE-B1597)516787 035 $a(OCoLC)972565280 035 $a(DE-B1597)9783954878185 035 $a(MiAaPQ)EBC6320102 035 $a(Au-PeEL)EBL6320102 035 $a(OCoLC)1156760714 035 $a(OCoLC)1128463960 035 $a(FlNmELB)ELB37166 035 $a(MiAaPQ)EBC29347058 035 $a(Au-PeEL)EBL29347058 035 $a(OCoLC)1342498847 035 $a(EXLCZ)993710000001056566 100 $a20220523d2014 uy 0 101 0 $aspa 135 $aurcnu|||||||| 181 $2rdacontent 182 $2rdamedia 183 $2rdacarrier 200 00$aDel football al fu?tbol/futebol $ehistorias argentinas, brasileras y uruguayas en el siglo XX /$fDiego Armus y Stefan Rinke (editors) 205 $a1st ed. 210 1$aMadrid ;$aFrankfurt am Main :$cAhila :$cIberoamericana :$cVervuert,$d[2014] 210 4$d©2014 215 $a1 online resource (221 pa?ginas) 225 1 $aEstudios AHILA de historia latinoamericana ;$vNumber 11 311 0 $a84-8489-846-6 320 $aIncludes bibliographical references. 327 $tFront matter --$tÍNDICE --$tIntroducción /$rArmus, Diego / Rinke, Stefan --$tPrimera parte. Los comienzos --$tEntre 1899 e 1920: dados iniciais da história do futebol em Salvador /$rPereira da Rocha Junior, Coriolano / Reis do Espírito Santo, Fernando --$tSociedad, ciudad y fútbol en la Buenos Aires de 1920-1930 /$rD. Frydenberg, Julio --$tLa prensa escrita como actor social de un modelo deportivo. Córdoba (Argentina), primeras décadas del siglo XX /$rDamián Reyna, Franco --$tLa globalización del fútbol durante la crisis de 1930: Uruguay y la primera Copa del Mundo /$rRinke, Stefan / Facchio, Florencia --$tSegunda par te Fútbol/política /cultura --$tEl fútbol en las escuelas y colegios argentinos. Notas sobre un desencuentro en el siglo XX /$rArmus, Diego / Ariel Scharagrodsky, Pablo --$tEstadios y potreros en la pan talla. El fútbol en el cine de los años treinta y la construcción de imágenes de la argentinidad /$rNuria Gil Mariño, Cecilia --$tMiradas y prácticas del fútbol desde las izquierdas uruguayas: Montevideo (1920-1950) /$rPorrini, Rodolfo --$tO futebol e a política esportiva de Vargas e Perón: um estudo comparado /$rDrumond, Maurício --$tLa peronizaci ón del fútbol argentino: el caso del Club Atlético Atlanta de Villa Crespo /$rRein, Raanan --$tDetrás de la vidriera del Mundial. Argentina 1978: derechos humanos, censura y fútbol en la prensa italiana /$rCattarulla, Camilla --$tFutebol, identidade nacional e Ciências Sociais no Brasil /$rCarlos Ribeiro, Luiz --$t¿El ocas o del Estadio-nación? Un análisis sobre la construcción y remodelación del Maracaná para el Mundial de 2014 /$rBorges Buarque de Hollanda, Bernardo --$tSobre los autores --$tOtros títulos de Historia 330 $aEstudia la popularización y criollización del football, su transformación en fútbol en Argentina y Uruguay, y en futebol en Brasil, su consolidación como deporte profesional y de masas, y como espectáculo y fuente de pasiones. 410 0$aEstudios AHILA de historia latinoamericana ;$vNumber 11. 606 $aSoccer$zArgentina$xHistory$y20th century 606 $aSoccer$zBrazil$xHistory$y20th century 606 $aSoccer$zUruguay$xHistory$y20th century 606 $aSoccer$xPolitical aspects$zArgentina 606 $aSoccer$xPolitical aspects$zBrazil 606 $aSoccer$xPolitical aspects$zUruguay 615 0$aSoccer$xHistory 615 0$aSoccer$xHistory 615 0$aSoccer$xHistory 615 0$aSoccer$xPolitical aspects 615 0$aSoccer$xPolitical aspects 615 0$aSoccer$xPolitical aspects 676 $a796.3340982 702 $aArmus$b Diego 702 $aRinke$b Stefan$f1965- 712 02$aAsociacio?n de Historiadores Latinoamericanistas Europeos, 801 0$bMiAaPQ 801 1$bMiAaPQ 801 2$bMiAaPQ 906 $aBOOK 912 $a9910736800003321 996 $aDel football al fu?tbol$93410094 997 $aUNINA